000 00391nam a22001697a 4500
003 OSt
005 20260405112809.0
008 260405b |||||||| |||| 00| 0 eng d
020 _a9781501110344
040 _cLIRC
082 _a813.6 HOO
100 _aHoover, Colleen
_95778
245 _aNovember 9
260 _aNew York
_bAtria Paperback
_c2015
300 _a300 p.
942 _2ddc
_cUT
999 _c33697
_d33697